000 00399nam a22001577a 4500
005 20251108172607.0
008 250721s9999 xx 000 0 eng d
082 1 4 _a005.1HUG
100 1 _aHughes, Bob
245 1 0 _aPractical software measurement /
264 1 _aLondon :
_bThe McGraw-Hill Companies,
300 _a270p.
650 1 7 _aSoftware engineering
942 _2ddc
_cBK
999 _c83470
_d83470